000 00784nam a2200205Ii 4500
003 JO-AjNU
008 230605s9999||||xx |||||||||||||| ||und||
040 _aJO-AjNU
_bara
_erda
_cJO-AjNU
041 _aara
050 1 4 _aDS26.85.M2 1978
100 3 _aاصدار بن نبي، مالك,
_eauthor
_98541
245 0 0 _aبين الرشاد والتيه: طريق الثورة في قضايا الاستقلال في السياسية في قضية فلسطين حول الاقتصاد في الصراع الفكري
250 _aط1
264 3 1 _aدمشق: دار الفكر، 1987
300 _a176ص
336 _atext
_btxt
_2rdacontent
337 _aunmediated
_bn
_2rdamedia
338 _avolume
_bnc
_2rdacarrier
650 4 _aالسياسية- مقالات ومحاضرات
_98542
999 _aA841
_c4409
_d4409